Quiz - Anglais - Statistiques

Statistiques générales
  • Ce quiz a été pris 814 fois
    714 depuis la dernière actualisation
  • Le résultat moyen est 14 sur 16
Statistiques - réponses
Question Réponse % Correct
Comment dire bonjour Hello
99%
Traduction de moi Me
94%
Au revoir en anglais Bye
93%
Français en anglais French
92%
Traduction de children Enfants
91%
Anglais en anglais English
91%
Avec YOU Are
90%
Avec WE Are
90%
Avec THEY Are
90%
Espagnol en anglais Spanish
89%
Conjugaison de BE avec I Am
88%
Avec HE/SHE/IT Is
88%
Habiter en anglais To Live
83%
Traduction de il a He has
79%
Prétérit de Go Went
73%
Auxiliaire du présent simple Do
32%
Aucun quiz correspondant
Distribution des résultats
% des personnes avec chaque résultat
Percentile par nombre de réponses
Votre historique - résultats
Vous n’avez pas pris ce quiz depuis la dernière actualisation